Wszystkie filmy animowane nominowane do OSKARA - Statystyki

Ogólne statystyki
  • Ten quiz został rozwiązany 42 razy
    4 od ostatniego zresetowania
  • Średni wynik to 34 z 109
Statystyki odpowiedzi
Rok produkcji Film % Poprawnych
2017 Coco
100%
Kung Fu Panda
100%
Kung Fu Panda 2
100%
2001 Shrek
100%
Shrek 2
100%
2010 Toy Story 3
100%
2019 Toy Story 4
100%
2016 Zwierzogród
100%
Auta
75%
Epoka lodowcowa
75%
2004 Iniemamocni
75%
Iniemamocni 2
75%
Jak wytresować smoka
75%
Jak wytresować smoka 2
75%
Kot w butach
75%
2013 Kraina lodu
75%
2009 Odlot
75%
2007 Ratatuj
75%
Rybki z ferajny
75%
Spider-Man: Poprzez multiwersum
75%
Twój Vincent
75%
2015 W głowie się nie mieści
75%
Zwierzogród 2
75%
2020 Co w duszy gra
50%
Fantastyczny Pan Lis
50%
2024 Flow
50%
2003 Gdzie jest Nemo
50%
Gnijąca panna młoda
50%
Kot w butach: Ostatnie życzenie
50%
2025 K-popowe łowczynie demonów
50%
Luca
50%
2012 Merida Waleczna
50%
Mój brat niedźwiedź
50%
Naprzód
50%
2021 Nasze magiczne Encanto
50%
Potwory i spółka
50%
Ralph Demolka
50%
Ruchomy zamek Hauru
50%
2018 Spider-Man Uniwersum
50%
2002 Spirited Away: W krainie Bogów
50%
To nie wypanda
50%
2008 Wall-E
50%
W głowie się nie mieści 2
50%
Wyspa psów
50%
Dziki robot
25%
Elio
25%
Frankenweenie
25%
2006 Happy Feet: Tupot małych stóp
25%
Jak wytresować smoka 3
25%
Klaus
25%
Krudowie
25%
Lilo i Stich
25%
Między nami żywiołami
25%
Mustang z Dzikiej Doliny
25%
Na fali
25%
Planeta skarbów
25%
Pudłaki
25%
2011 Rango
25%
Vaiana: Skarb oceanu
25%
2014 Wielka Szóstka
25%
Anomalisa
0%
Arco
0%
Baranek Shaun
0%
Baranek Shaun Farmageddon
0%
Chico i Rita
0%
2023 Chłopiec i czapla
0%
Chłopiec i świat
0%
Czerwony żółw
0%
Dzieciak rządzi
0%
Ernest i Celestyna
0%
Fernando
0%
2022 Guillermo del Toro: Pinokio
0%
Iluzjonista
0%
Jimmy Neutron: Mały geniusz
0%
Koralina i tajemnicze drzwi
0%
Kot w Paryżu
0%
Księżniczka i Żaba
0%
Księżniczka Kaguya
0%
Kubo i dwie struny
0%
Mała Amelia
0%
Marcel Muszelka w różowych bucikach
0%
Marnie
0%
Minionki rozrabiają
0%
Mirai
0%
Mitchellowie kontra maszyny
0%
Morska bestia
0%
Nazywam się Cukinia
0%
Nimona
0%
Pamiętnik ślimaka
0%
ParaNorman
0%
Persepolis
0%
Pies i Robot
0%
Piorun
0%
Piraci
0%
Praziomek
0%
Przeżyć
0%
Ralph Demolka w internecie
0%
Raya i ostatni smok
0%
Sekret księgi z Kells
0%
Sekret wilczej gromady
0%
Sekrety morza
0%
Straszny dom
0%
Trio z Belleville
0%
2005 Wallace i Gromit: Klątwa królika
0%
Wallace i Gromit: Zemsta pingwina
0%
Wyprawa na Księżyc
0%
Zgubiłam swoje ciało
0%
Zrywa się wiatr
0%
Żywiciel
0%
Nie znaleziono quizów pasujących do podanych kryteriów
Rozkład punktacji
Procent ludzi z każdym wynikiem
Percentyl według liczby udzielonych odpowiedzi
Twoja historia wyników
Nie rozwiązałeś tego quizu od ostatniego zresetowania